| 000 | 00741nam a22002057a 4500 | ||
|---|---|---|---|
| 003 | OSt | ||
| 005 | 20251029071300.0 | ||
| 008 | 251029b |||||||| |||| 00| 0 eng d | ||
| 010 | _a8881310 | ||
| 020 | _a0-88486-049-3 | ||
| 040 | _cInspirational Press | ||
| 050 |
_aBV 4529.2 .S95 1983 _bS95 1983 |
||
| 100 | _aCharles R. Swindoll | ||
| 245 |
_aImproving Your Serve & Strengthening Your Grip Dropping Your Guard/ _cSwindoll, R. Charles |
||
| 260 |
_a386 Park Avenue South New York _bInspirational Press _c1983 |
||
| 300 |
_a499 p.: _bHardcover, Col. _c24.1cm _eNull |
||
| 490 |
_3Print _aThe Art of Unselfish Living: Essential in an Aimless world: The value of open relationships |
||
| 760 | _b3rd Edition | ||
| 942 |
_2ddc _cBK _e3rd Edition _n0 |
||
| 999 |
_c9717 _d9717 |
||